书目信息 |
| 题名: |
摄影滤光镜
|
|
| 作者: | 屠明非 著 | |
| 分册: | ||
| 出版信息: | 沈阳 辽宁美术出版社 1995.12 |
|
| 页数: | 174页 | |
| 开本: | 32开 | |
| 丛书名: | 北京电影学院图片摄影专业系列教材 | |
| 单 册: | ||
| 中图分类: | TB851 | |
| 科图分类: | ||
| 主题词: | 摄影--机具 , 摄影--设备 | |
| 电子资源: | ||
| ISBN: | 7-5314-1342-6 | |
| 000 | 00668nam0 2200229 45 | |
| 001 | 0012260874 | |
| 005 | 20031219104048.4 | |
| 010 | @a7-5314-1342-6@dCNY23.00 | |
| 100 | @a20001226d1995 km y0chiy0120 ea | |
| 101 | 0 | @achi |
| 105 | @a z 000yy | |
| 200 | 1 | @a摄影滤光镜@AShe Ying Lu Guang Jing@f屠明非著@FTu Ming Fei Zhu |
| 210 | @a沈阳@c辽宁美术出版社@d1995.12 | |
| 215 | @a174页@c附彩图@d32开 | |
| 225 | @a北京电影学院图片摄影专业系列教材 | |
| 410 | @12001 @a北京电影学院图片摄影专业系列教材 | |
| 606 | 0 | @a摄影@x机具 |
| 606 | 0 | @a摄影@x设备 |
| 690 | @aTB851@v1 | |
| 701 | 0 | @a屠明非@4著 |
| 801 | @aCN@bTSTC@c20001226 | |
| 905 | @b294370-374@dTB851@e57@f5 | |
| 摄影滤光镜/屠明非著.-沈阳:辽宁美术出版社,1995.12 |
| 174页:附彩图;32开.-(北京电影学院图片摄影专业系列教材) |
| ISBN 7-5314-1342-6:CNY23.00 |
| ● |
| 相关链接 |
|
|
|
|
正题名:摄影滤光镜
索取号:TB851/57
 
预约/预借
| 序号 | 登录号 | 条形码 | 馆藏地/架位号 | 状态 | 备注 |
| 1 | 0294370 | 002943701 | 第三借阅区/ [索取号:TB851/57] | 在馆 | |
| 2 | 0294371 | 002943710 | 第三借阅区/ [索取号:TB851/57] | 在馆 | |
| 3 | 0294372 | 002943729 | 第三借阅区/ [索取号:TB851/57] | 在馆 | |
| 4 | 0294373 | 002943738 | 第三借阅区/ [索取号:TB851/57] | 在馆 | |
| 5 | 0294374 | 002943747 | 第二样本阅览室/ [索取号:TB851/57] | 在馆 |